Historia crítica de las Cortes reformadoras (Record no. 38836)

MARC details
000 -LEADER
campo de control de longitud fija 00722nam a2200205 i 4500
001 - NÚMERO DE CONTROL
campo de control 38836
003 - IDENTIFICADOR DE NÚMERO DE CONTROL
campo de control ES-MaACL
005 - FECHA Y HORA DE LA ÚLTIMA TRANSACCIÓN
campo de control 20230912063104.0
007 - CAMPO FIJO DE DESCRIPCIÓN FÍSICA--INFORMACIÓN GENERAL
campo de control de longitud fija t|
008 - DATOS DE LONGITUD FIJA--INFORMACIÓN GENERAL
campo de control de longitud fija 030226s1845 sp ||||1| spa d
080 ## - NÚMERO DE LA CLASIFICACIÓN DECIMAL UNIVERSAL
Número de la Clasificación Decimal Universal 328(460)"18"
100 1# - ENTRADA PRINCIPAL--NOMBRE DE PERSONA
Nombre de persona Campoamor, Ramón de,
Fechas asociadas al nombre 1817-1901
9 (RLIN) 34232
245 10 - MENCIÓN DEL TÍTULO
Título Historia crítica de las Cortes reformadoras
Resto del título : tomo 1 /
Mención de responsabilidad, etc. por... (véase la firma al fin de la obra) [Ramón de Campoamor].
260 ## - PUBLICACIÓN, DISTRIBUCIÓN, ETC.
Lugar de publicación, distribución, etc. Madrid :
Nombre del editor, distribuidor, etc. [s.n.],
Fecha de publicación, distribución, etc. 1845 (
Fabricante Imprenta de Uzal y Aguirre)
300 ## - DESCRIPCIÓN FÍSICA
Extensión VI, 237 p. ;
Dimensiones 21 cm.
500 ## - NOTA GENERAL
Nota general En antep.: "Primera legislatura de 1844 a 1845"
650 04 - PUNTO DE ACCESO ADICIONAL DE MATERIA--TÉRMINO DE MATERIA
Término de materia o nombre geográfico como elemento de entrada Parlamentos-
Subdivisión geográfica España-
Subdivisión cronológica S.XIX.
9 (RLIN) 15841
852 ## - LOCALIZACIÓN
Ubicación ES-MaACL
Número de control de estantería G-12529
Holdings
Estatus retirado Estado de pérdida Estado de daño No para préstamo Colección Biblioteca de origen Biblioteca actual Ubicación en estantería Fecha de adquisición Fuente de adquisición Total de préstamos Signatura topográfica completa Código de barras Visto por última vez Precio de reemplazo Tipo de ítem Koha
        Libros del s. XIX Biblioteca del Ateneo de Madrid Biblioteca del Ateneo de Madrid Sala Pecera Planta 3 17/01/2008     G-12529 1040894 23/02/2023 23/02/2023 Libro impreso antiguo